| 000 | 01867nam a2200253 a 4500 | ||
|---|---|---|---|
| 001 | 000043982 | ||
| 003 | DO-SdBNP | ||
| 005 | 20220809084731.0 | ||
| 008 | 140512s2009 dr a 000 0 spa d | ||
| 020 | _z9993490040 | ||
| 040 |
_aDO-SdBNP _bspa _cBNPHU |
||
| 082 | 4 |
_a972.93054 _bL579y, 2009 _222 |
|
| 100 | 1 |
_aLeón Estévez, Luis José, _d1931- _92414 |
|
| 245 | 1 | 0 | _aYo, Ramfis Trujillo. |
| 250 | _a8a. ed. | ||
| 260 |
_aSanto Domingo : _bLetra gráfica, _c2009. |
||
| 300 |
_a115 p. : _bils. ; _c22 cm. |
||
| 505 | 0 |
_tComentarios acerca de la obra Yo, Ramfis Trujillo -- _t¡Gracias general! -- _tTestimonio personal del autor -- _tYo, Ramfis Trujillo -- _t¡Que bárbaro, ni siquiera aquí descansa! -- _tNo quise ser Vicepresidente -- _tCumplo mi sueño: hacer la mejor Fuerza Aérea -- _tHollywood: algunas artistas compartieron mi tiempo -- _tMi patria: entre el bisonte y el toro -- _tEl entorno oficial de mi padre: buenos y malos -- _tEl movimiento 14 de junio -- _tEl asesinato de mi padre -- _tTenía el poder, todo el poder -- _tTodos clamaban venganza -- _tSí, fue un dictador -- _tLa corrupción, que ahoga la modernización y decencia del país -- _tLo que me llama es la tumba -- _tPárese a pelear -- _tTodo el mundo quería que siguiera la dictadura -- _tEmpecé a "destrujillizar" el país -- _tla oposición no quería comprender -- _tSolo mi presencia impedía un golpe de estado -- _tFélix W. Bernardino asesinará al Dr. Balaguer -- _tMi enfrentamiento con Johnny Abbes García -- _tNunca pensé quedarme en el país -- _tSoy el responsable de esas muertes. |
|
| 590 | _aInventariado, 2019/MFF | ||
| 600 | 1 | 4 |
_aTrujillo Molina, Rafael Leonidas Ramfis) _d1929-1969 _xCorrespondencia memorias, etc. _91246 |
| 651 | 4 |
_aRepública Dominicana _xHistoria _xEra De Trujillo, 1930-1961 _xFuentes _92415 |
|
| 910 | _aValidado. Control de calidad MFF | ||
| 942 |
_2ddc _cLBS1 |
||
| 999 |
_c43471 _d43471 |
||